<?xml version="1.0" encoding="UTF-8"?>
<marc:record xmlns:marc="http://www.loc.gov/MARC21/slim">
   <marc:leader>00000nam a2200000 a 4500</marc:leader>
   <marc:datafield ind1="1" ind2=" " tag="100">
      <marc:subfield code="a">Vicente, Mark</marc:subfield>
      <marc:subfield code="4">aut</marc:subfield>
      <marc:subfield code="e">Verfasser/-in</marc:subfield>
   </marc:datafield>
   <marc:datafield ind1="1" ind2=" " tag="100">
      <marc:subfield code="a">Chasse, Betsy</marc:subfield>
      <marc:subfield code="4">aut</marc:subfield>
      <marc:subfield code="e">Verfasser/-in</marc:subfield>
   </marc:datafield>
   <marc:datafield ind1=" " ind2=" " tag="653">
      <marc:subfield code="a">DVDD</marc:subfield>
   </marc:datafield>
   <marc:datafield ind1=" " ind2=" " tag="653">
      <marc:subfield code="a">Film</marc:subfield>
   </marc:datafield>
   <marc:datafield ind1=" " ind2=" " tag="653">
      <marc:subfield code="a">Medizin</marc:subfield>
   </marc:datafield>
   <marc:datafield ind1=" " ind2=" " tag="653">
      <marc:subfield code="a">NNK</marc:subfield>
   </marc:datafield>
   <marc:datafield ind1=" " ind2=" " tag="653">
      <marc:subfield code="a">Video</marc:subfield>
   </marc:datafield>
   <marc:datafield ind1="0" ind2="0" tag="245">
      <marc:subfield code="a">What the Bleep do we (k)now!?</marc:subfield>
   </marc:datafield>
   <marc:datafield ind1="0" ind2="0" tag="245">
      <marc:subfield code="b">Ich weiß, dass ich nichts weiß!.</marc:subfield>
   </marc:datafield>
   <marc:datafield ind1="0" ind2="0" tag="245">
      <marc:subfield code="c">Vicente, Mark</marc:subfield>
   </marc:datafield>
   <marc:datafield ind1=" " ind2="1" tag="264">
      <marc:subfield code="b">Horizon Film</marc:subfield>
   </marc:datafield>
   <marc:datafield ind1="1" ind2=" " tag="520">
      <marc:subfield code="a">Wie funktioniert Realität, wer erschafft sie? Was sind Gedanken? Wo kommen sie her? Unsere Beziehungen scheinen sich in ihrer Qualität zu wiederholen, woran liegt das? Warum verändert sich nicht wirklich etwas? Haben wir Einfluss auf das, was uns passiert oder sind wir Opfer der Umstände? Eingebunden in eine humorvolle und bewegende Handlung bieten uns vierzehn renommierte Wissenschaftler und Dozentinnen verblüffende Erklärungen und Erkenntnisse und ermöglichen es uns so, die eigene Lebenssituation zu verstehen und zu verändern. Dabei bedienen sie sich der neuesten wissenschaftlichen Erkenntnisse von der Quantenphysik bis zur Gehirnforschung. Ihre Aussagen sind jedoch nicht nur wissenschaftlicher Natur. Über den Verlauf des Films verschwimmen zunehmend die Unterschiede von Wissenschaft und Spiritualität und wir beginnen zu erkennen, dass letztlich beide Sichtweisen die gleichen Phänomene beschreiben.</marc:subfield>
   </marc:datafield>
   <marc:datafield ind1="0" ind2=" " tag="490">
      <marc:subfield code="v">0</marc:subfield>
   </marc:datafield>
   <marc:datafield ind1=" " ind2=" " tag="300">
      <marc:subfield code="a">ca. 108 Min.</marc:subfield>
   </marc:datafield>
</marc:record>
